000 01088ngm a22003850a 4500
001 PT39938
003 AR-LpoUNG
005 20210201235855.0
007 vd cvaizq
008 191001s2009||||ag |||||||||||||||||spa d
037 _c$2.65
040 _aAR-LpoUNG
_bspa
_cAR-LpoUNG
_eaacr
041 _aspa
044 _aag
082 0 _a306.484 277v7
100 1 _aTello, Guillermo
_edir.
245 1 0 _aAl sur del tango :
_bCarlos Gardel : segunda parte
260 _aBuenos Aires :
_bMiradas al sur,
_c2009.
300 _aDVD (ca. 51 min.) : son., byn, col.
505 0 _aMusicalización: Alejandro Vázquez. Gráfica y animación: Nicolás Recart. Cámara: Enrique Gatica. Producción: Alejandro Carrizo. Relatos: Guillermo Tello.
650 4 _aARGENTINA
650 4 _aCULTURA
650 4 _aCULTURA POPULAR
650 4 _aIDENTIDAD CULTURAL
650 4 _aMUSICA
651 4 _aArgentina
653 _aCINE ARGENTINO
653 _aDOCUMENTALES
653 _aDVD
653 _aMUSICAL
653 _aTANGO
653 _aVIDEOS
905 _a39938
942 _cDVD
999 _c53664
_d53664